02965cam a22005654i 4500003000900000005001700009008004100026035001600067035001600083040003300099041001300132082001700145092000500162100002800167245014200195264003800337300004500375336002100420337002500441338002300466500005900489520086500548526001001413526001001423526000901433526000901442526000901451526000901460526000901469526000901478526000901487526000801496526000801504526000801512526000801520526000801528534006201536541001601598650003801614700003501652700003801687910002801725942001401753949018201767994001401949596000601963999021901969980005502188952015602243PE-LiUPU20250731165505.0150512s2006 sp a r 000 0 spa d a(Sirsi) a23 a(Sirsi) a23 aPE-LiUPUbspacPE-LiUPUerda1 aspaheng04a741.603bA48 a1 aAmbrose, Gavin,eautor.10aDiccionario visual de diseño gráfico /cGavin Ambrose, Paul Harris ; traducción al español y maquetación : Silvia Guiu Navarro. 1aBarcelona :bIndex Book,c[2006]. a288 páginas :bilustraciones ;c16 cm. atext2rdacontent aunmediated2rdamedia avolume2rdacarrier aTraducción de: Visual dictionary of graphics design. aEl presente libro es una guía sobre los muchos y variados términos usados con fecuencia en el diseño gráfico. Desde el Arte abstracto y Zeitgeist a Bauhaus y Psicodelia, pasando por Croma y Expresionismo, este libro constituye una fuente de valor incalculable para cualquiera interesado en el diseño gráfico. Cada término está explicado y contextualizado, lo que facilita al lector una mejor compresión de loa terminología del diseño gráfico. Se han recopilado e ilustrado más de 270 términos de siseño gráfico. Desde términos prácticos, como Asimetría, Jerarquía o Tono, hasta movimientos y estilos, como impresionismo, Puntillismo o Posmodernismo, pasando por terminología y conceptos modernos, como Mapa de bits, Lengua vernácula o Logotipos, ademas de muchos de los términos tradicionales todavía en uso. aSEG44 aSEG26 aP151 aP150 aP149 aP146 aP145 aP126 aP125 aP92 aP75 aP74 aP27 aP15 pTítulo original :tVisual Dictionary of graphic design. g001-002617;14aDiseño gráficovDiccionarios.1 aHarris, Paul,d1971- ,eautor.1 aGuiu Navarro, Silvia,etraductor. aaasbjckcaasd20150512 2ddccBOOK aRC 741.603 A48wDEWEYc1i70986lRCmBULp38.09r0sYtBOOKu2015-5-12xEDUCACIONPP070COMPRAo.CIRCNOTE. No olvidar cambiar la fecha de devolución!!!!!!!o.STAFF. Referencia aC0bPEPRU a1 aRC 741.603 A48wDEWEYc23627i70986d23627f2021-11-10g7lCCODEBUL1mBULp38.09q1r0sYtBOOKu2015-5-12xINGENIERIAPP070COMPRAo.CIRCNOTE. No olvidar cambiar la fecha de devolución!!!!!!!o.STAFF. Referencia 81gALBERTO SANCHEZ Responsable de Automatización r2025-12-02 00:00:00i8l0oRC 741.603 A48p70986te1v43.09w2015-05-12xFACIHEDyREF102ddc50718REFfP07aBULbBULcREFd2015-05-12eCOMPRAg38.09